Detalles MARC
| 000 -ENCABEZADO |
| Número de control [NR] |
01903cam a2200313Mi 4500 |
| 001 - NÚMERO DE CONTROL |
| control field |
ocn690832985 |
| 003 - IDENTIFICADOR DE CONTROL NÚMERO |
| control field |
Co-BoUCM |
| 005 - FECHA Y HORA DE LA ÚLTIMA TRANSACCIÓN |
| control field |
20211105120837.0 |
| 008 - DE LONGITUD FIJA DE DATOS DE ELEMENTOS - INFORMACIÓN GENERAL |
| Elementos de longitud fija [NR] |
170915s2009 xxuao r 001 0 eng d |
| 020 ## - NUMERO INTERNACIONAL NORMALIZADO PARA LIBROS [R] |
| Número Internacional Normalizado del libro [NR] |
9781576603505 (2a. Ed.) |
| 035 ## - NUMERO DE CONTROL DEL SISTEMA [R] |
| Número de control del sistema [NR] |
(OCoLC)690832985 |
| 040 ## - FUENTE DE CATALOGACION [NR] |
| Agencia de catalogación original [NR] |
CO-BoUCM |
| Idioma de catalogación [NR] |
spa |
| Quien Cataloga |
Sandra Palacio |
| Quien Clasifica |
Sandra Palacio |
| 041 0# - CODIGO DE IDIOMA [R] |
| Código de idioma para texto/pista de sonido o título separado [R] |
Inglés |
| 100 1# - ASIENTO PRINCIPAL--NOMBRE PERSONAL [NR] |
| Nombre personal [NR] |
Clifton, Rita |
| ID Autoridad |
87186 |
| 245 10 - MENCION DE TITULO [NR] |
| Título [NR] |
Brands and branding |
| Mención de responsabilidad, etc. [NR] |
Rita Clifton ; con Sameena Ahmad ... [y otros] |
| 250 ## - MENCION DE EDICION [NR] |
| Mención de edición [NR] |
Segunda edición |
| 260 ## - PUBLICACION, DISTRIBUCION, ETC. (PIE DE IMPRENTA) [R] |
| Lugar de publicación, distribución, etc. [R] |
Nueva York (Estados Unidos) |
| Nombre del editor, distribuidor, etc. [R] |
Bloomberg Press |
| Fecha de publicación, distribución, etc. [R] |
2009 |
| 300 ## - DESCRIPCION FISICA [R] |
| Extensión [R] |
xvii, 284 p páginas [16] láminas |
| Otros detalles físicos [NR] |
ilustraciones, fotografías |
| 490 0# - MENCION DE SERIE [R] |
| Mención de serie [R] |
The economist |
| 505 00 - NOTA DE CONTENIDO CON FORMATO PREESTABLECIDO [R] |
| Información miscelánea [R] |
Introduction |
| Mención de responsabilidad [R] |
Rita Clifton -- |
| State manifest and birth record (1764-1977). |
What is a brand? |
| Mención de responsabilidad [R] |
Tom Blackett -- |
| State manifest and birth record (1764-1977). |
The financial value of brands |
| Mención de responsabilidad [R] |
Jan Lindemann -- |
| State manifest and birth record (1764-1977). |
The social value of brands |
| Mención de responsabilidad [R] |
Giles Gibbons -- |
| State manifest and birth record (1764-1977). |
What makes brands great |
| Mención de responsabilidad [R] |
Jez Frampton -- |
| State manifest and birth record (1764-1977). |
Brand strategy |
| Mención de responsabilidad [R] |
Iain Ellwood -- |
| State manifest and birth record (1764-1977). |
Brand experience |
| Mención de responsabilidad [R] |
Shaun Smith -- |
| State manifest and birth record (1764-1977). |
Visual and verbal identity |
| Mención de responsabilidad [R] |
Tony Allen, |
| -- |
John Simmons -- |
| State manifest and birth record (1764-1977). |
Brand communications |
| Mención de responsabilidad [R] |
Paul Feldwick -- |
| State manifest and birth record (1764-1977). |
The public relations perspective on branding |
| Mención de responsabilidad [R] |
Deborah Bowker -- |
| State manifest and birth record (1764-1977). |
Brand protection |
| Mención de responsabilidad [R] |
Allan Poulter -- |
| State manifest and birth record (1764-1977). |
Globalisation and brands |
| Mención de responsabilidad [R] |
Sameena Ahmad -- |
| State manifest and birth record (1764-1977). |
Branding in asia |
| Mención de responsabilidad [R] |
Jonathan Chajet -- |
| State manifest and birth record (1764-1977). |
From elephant to tiger : brands and branding in india |
| Mención de responsabilidad [R] |
Max Raison -- |
| State manifest and birth record (1764-1977). |
Branding places and nations |
| Mención de responsabilidad [R] |
Simon Anholt -- |
| State manifest and birth record (1764-1977). |
Brand 2.0 : brands in a digital world |
| Mención de responsabilidad [R] |
Andy Hobsbawm -- |
| State manifest and birth record (1764-1977). |
An alternative perspective on brands : markets and morals |
| Mención de responsabilidad [R] |
Deborah Doane -- |
| State manifest and birth record (1764-1977). |
The future of brands |
| Mención de responsabilidad [R] |
Rita Clifton. |
| 650 17 - ASIENTO SECUNDARIO DE MATERIA - TERMINO TEMATICO [R] |
| Término temático o nombre geográfico como elemento de entrada [NR] |
Marcas de empresas |
| 9 (RLIN) |
18979 |
| 650 27 - ASIENTO SECUNDARIO DE MATERIA - TERMINO TEMATICO [R] |
| Término temático o nombre geográfico como elemento de entrada [NR] |
Imagen y diseño corporativo |
| 9 (RLIN) |
17180 |
| 650 27 - ASIENTO SECUNDARIO DE MATERIA - TERMINO TEMATICO [R] |
| Término temático o nombre geográfico como elemento de entrada [NR] |
Cultura corporativa |
| 9 (RLIN) |
12394 |
| 650 27 - ASIENTO SECUNDARIO DE MATERIA - TERMINO TEMATICO [R] |
| Término temático o nombre geográfico como elemento de entrada [NR] |
Productos de marca |
| 9 (RLIN) |
39814 |
| 650 27 - ASIENTO SECUNDARIO DE MATERIA - TERMINO TEMATICO [R] |
| Término temático o nombre geográfico como elemento de entrada [NR] |
Administración de empresas |
| 9 (RLIN) |
435 |
| 700 1# - ASIENTO SECUNDARIO - NOMBRE PERSONAL [R] |
| Nombre personal [NR] |
Ahmad, Sameena |
| 9 (RLIN) |
87187 |
| 942 ## - ELEMENTOS DE ENTRADA AGREGADOS (KOHA) |
| Sistema de clasificación |
DEWEY |
| Tipo de ítem principal el descrito en 300a |
Libro |
| Tema principal |
Administración |
| Edición |
2 |
| Clasificación |
658.827 |
| Parte restante de la signatura top. |
C639bb |